Normal view
MARC view
- Models
Entry Topical Term
001 - CONTROL NUMBER
- control field: 11703
003 - CONTROL NUMBER IDENTIFIER
- control field: OSt
005 - DATE AND TIME OF LATEST TRANSACTION
- control field: 20110117141239.0
008 - FIXED-LENGTH DATA ELEMENTS
- fixed length control field: 110117|||a|||||| | ||| d
040 ## - CATALOGING SOURCE
- Original cataloging agency: OSt
- Transcribing agency: OSt
150 ## - HEADING--TOPICAL TERM
- Topical term or geographic name as entry element: Models
670 ## - SOURCE DATA FOUND
- Source citation: Work cat.: (OSt): Khan, M Z 11702, Drug use amongst the college youth :, 1985.
670 ## - SOURCE DATA FOUND
- Source citation: Work cat.: (OSt): Khan, M Z 11702, Drug use amongst the college youth :, 1985.
